Las Dos Únicas Capitales... - Estadísticas

Estadísticas generales
  • Esta prueba ha sido intentada 125 veces
  • La puntuación promedio es 14 de 20
Estadísticas de respuestas
Las dos únicas capitales que... Capitales % Correcto
se mencionan en el Antiguo Testamento Damasco | Jerusalén
89%
empiezan con S y están en Sudamérica Santiago | Sucre
89%
están ubicados en el Río de la Plata Buenos Aires | Montevideo
86%
llevan el nombre de un presidente de los EE. UU. Washington D.C. | Monrovia
84%
empiezan con T y están en Europa Tallin | Tirana
83%
también son capital de la UE. Bruselas | Luxemburgo
82%
están en la costa del Pacífico de América del Norte o del Sur Lima | Ciudad de Panamá
82%
están en una isla en el mar Mediterráneo Nicosia | La Valeta
80%
terminan en las letras "est" Bucarest | Budapest
77%
tienen una latitud superior a 60° N Reikiavik | Helsinki
72%
están debajo del nivel del mar Bakú | Ámsterdam
68%
tenía una población de más de 300.000 habitantes en el año 1500 d.C. Pekín | El Cairo
68%
terminan en "ville" Brazzaville | Libreville
64%
tienen cinco o menos letras, dos de las cuales son O Oslo | Tokio
64%
están en las estribaciones del Himalaya Katmandú | Timbu
63%
están a más de 400 km de una frontera internacional o del mar Brasilia | Moscú
62%
no están dentro de los 2000 km de radio con cualquier otra capital Canberra | Wellington
61%
están en la misma isla que otra capital nacional Puerto Príncipe | Santo Domingo
61%
están en el río Mekong Vientián | Nom Pen
51%
limitan con otra ciudad capital Roma | Ciudad del Vaticano
42%
No se encontraron pruebas coincidentes
Distribución de puntuación
Porcentaje de gente con cada puntuación
Porcentaje por número respondido
Historial de tus puntuaciones
No has intentado esta prueba.